Modelo de gerencia administrativa para la red de la Universidad Nacional de Ingeniería Recinto Simón Bolívar (UNI-RUSB)
Aborda la necesidad de mejorar la administración de las redes de forma automática, sin que los administradores de red tengan que realizar grandes esfuerzos, obteniéndose el ahorro en tiempo y dinero. Este documento ayudara al lector a introducirse en el nuevo mundo de la administración de las re...
| Main Author: | |
|---|---|
| Other Authors: | |
| Format: | Tesis Section = Libro |
| Language: | Undetermined Spanish |
| Published: |
Managua
UNI
1998
|
| Subjects: |
| LEADER | 01436nam a2200217Ia 4500 | ||
|---|---|---|---|
| 008 | 240830s9999 xx 000 0 und d | ||
| 040 | |a BIBLIOTECA-RUSB/ Mon 001.64404 G151 | ||
| 041 | |a spa | ||
| 082 | |a Mon 001.64404 G151 | ||
| 100 | 1 | |a Galeano Cárcamo, Indira Valentina | |
| 245 | 1 | 0 | |a Modelo de gerencia administrativa para la red de la Universidad Nacional de Ingeniería Recinto Simón Bolívar (UNI-RUSB) |
| 260 | |a Managua |b UNI |c 1998 | ||
| 300 | |a 198 p. :il. | ||
| 500 | |a Contiene: anexos. | ||
| 502 | |a Tesis (Ingeniero en Computación) - UNI, 1998. | ||
| 520 | 3 | |a Aborda la necesidad de mejorar la administración de las redes de forma automática, sin que los administradores de red tengan que realizar grandes esfuerzos, obteniéndose el ahorro en tiempo y dinero. Este documento ayudara al lector a introducirse en el nuevo mundo de la administración de las redes de computadoras que día a día crece vertiginosamente. Engloba: Introducción, Gerencia de Redes, Áreas funcionales de la gerencia de redes, Plataforma de Gerencia de Redes, Ejemplo de Centros de Gerencia de Redes, Red de la Universidad Nacional de Ingeniería (UNI - RUSB), selección de la plataforma de Gerencia de Redes, Modelo de Gerencia de Redes para la UNI - RUSB, Conclusiones y Recomendaciones. | |
| 650 | 7 | |a SISTEMAS DE REDES - GERENCIA | |
| 700 | 1 | |a Tutor: |b Gross Vega, Violeta | |
| 942 | |c BK |2 ddc | ||
| 991 | |a TESIS | ||
| 999 | |c 19566 | ||